书目信息 |
| 题名: |
熔盐电化学
|
|
| 作者: | 捷利马尔基 著 ;彭瑞伍 译 | |
| 分册: | ||
| 出版信息: | 上海 上海科学技术出版社 1964 |
|
| 页数: | 303页 | |
| 开本: | 21cm | |
| 丛书名: | ||
| 单 册: | ||
| 中图分类: | TQ15 | |
| 科图分类: | ||
| 主题词: | 电化学--化学工业 | |
| 电子资源: | ||
| ISBN: | ||
| 000 | 00662nam0 2200217 450 | |
| 001 | 0656767734 | |
| 005 | 20060508154936.00 | |
| 010 | @dCNY1.60 | |
| 100 | @a20060508d1964 km y0chiy0120 ea | |
| 101 | 0 | @achi@crus |
| 102 | @aCN@b310000 | |
| 102 | @aCN@b310000 | |
| 200 | 1 | @a熔盐电化学@Arong yan dian hua xue@f(苏)Ю·К·捷利马尔基等著@F(su)Ю·К·jie li ma er ji deng zhu@g彭瑞伍译@Gpeng rui wu yi |
| 210 | @a上海@c上海科学技术出版社@d1964 | |
| 215 | @a303页@d21cm | |
| 606 | 0 | @a电化学@x化学工业 |
| 690 | @aTQ15@v3 | |
| 701 | 0 | @a捷利马尔基@Ajie li ma er ji@4著 |
| 702 | 0 | @a彭瑞伍@Apeng rui wu@4译 |
| 801 | 0 | @aCN@bPFT@c20060508 |
| 905 | @a10447@dTQ15@e6 | |
| 熔盐电化学/(苏)Ю·К·捷利马尔基等著/彭瑞伍译.-上海:上海科学技术出版社,1964 |
| 303页;21cm |
| ISBN :CNY1.60 |
| ● |
| 相关链接 |
|
|
|
|
正题名:熔盐电化学
索取号:TQ15/6
 
预约/预借
| 序号 | 登录号 | 条形码 | 馆藏地/架位号 | 状态 | 备注 |
| 1 | 0017160 | 202313601 | 密集书库/ [索取号:TQ15/6] | 在馆 |